2017 Ballon d'Or Placements - Statistics

General Stats
  • This quiz has been taken 14 times
  • The average score is 27 of 30
Answer Stats
Points Club(s) Nationality Player % Correct
946 Real Madrid Portugal Cristiano Ronaldo
100%
221 Juventus Italy Gianluigi Buffon
100%
670 Barcelona Argentina Lionel Messi
100%
84 Real Madrid Croatia Luka Modrić
100%
361 BarcelonaParis Saint-Germain Brazil Neymar
100%
17 Atlético Madrid France Antoine Griezmann
92%
0 Napoli Belgium Dries Mertens
92%
16 Chelsea Belgium Eden Hazard
92%
2 AS Roma Bosnia & Herzegovina Edin Džeko
92%
32 Paris Saint-Germain Uruguay Edinson Cavani
92%
36 Tottenham Hotspur England Harry Kane
92%
7 Real Madrid France Karim Benzema
92%
25 Manchester City Belgium Kevin De Bruyne
92%
48 MonacoParis Saint-Germain France Kylian Mbappé
92%
21 Real Madrid Brazil Marcelo
92%
47 Chelsea France N'Golo Kanté
92%
9 Monaco Colombia Radamel Falcao
92%
45 Bayern Munich Poland Robert Lewandowski
92%
10 Liverpool Senegal Sadio Mané
92%
71 Real Madrid Spain Sergio Ramos
92%
20 Real Madrid Germany Toni Kroos
92%
15 Manchester United Spain David de Gea
83%
4 Atlético Madrid Slovenia Jan Oblak
83%
27 Barcelona Uruguay Luis Suárez
83%
23 Juventus Argentina Paulo Dybala
83%
0 Liverpool Brazil Philippe Coutinho
83%
14 Borussia Dortmund Gabon Pierre-Emerick Aubameyang
83%
28 Real Madrid Spain Isco
75%
14 JuventusAC Milan Italy Leonardo Bonucci
75%
3 Bayern Munich Germany Mats Hummels
67%
No matching quizzes found
Score Distribution
Percent of People with Each Score
Percentile by Number Answered
Your Score History
You have not taken this quiz